| 000 | 01060nam a2200241 i 4500 | ||
|---|---|---|---|
| 001 | 157544 | ||
| 003 | ES-MaACL | ||
| 005 | 20250828143956.0 | ||
| 008 | 951120m18041805sp |||| | spa d | ||
| 040 |
_aEUS _bspa _cEUS |
||
| 100 | 1 |
_aLeonardo de Argensola, Lupercio, _d1559-1613 _9128881 |
|
| 245 | 1 | 0 |
_aRimas / _cde Lupercio Leonardo Argensola. [Rimas / de Bartolomé Leonardo de Argensola ; [publicados por Ramón Fernández]. |
| 260 |
_aMadrid : _bImprenta Real, _c1804-1805. |
||
| 300 |
_a3 t. en 1 vol. (168, 224, 212 p.) ; _c18 cm. |
||
| 500 | _aIndices. | ||
| 500 | _aPalau t.III señala que Ramón Fernández es seudónimo de Pedro Estala. | ||
| 594 | _aEn los t. II-III consta en la port. el nombre de Bartolomé Leonardo de Argnesola. | ||
| 596 | _aLos tomos II-III publicados en 1805. | ||
| 700 | 1 |
_aLeonardo de Argensola, Bartolomé, _d1562-1631 _971674 |
|
| 700 | 1 |
_aEstala, Pedro, _d1757-1815 _948003 |
|
| 852 |
_aES-MaACL _jR-3104-12 _xOlim:G-13256-64 _z-- Enc. hol. _z-- Enc. 3 t. en 1 v. |
||
| 999 |
_c157544 _d157544 |
||